Sports Quiz

Random Sports or Soccer Quiz

Italy Players with 10+ Goals Quiz Stats

 Plays Quiz not verified by Sporcle

Score 0/33 Timer 15:00
0 Plays Today
goals player % Correct
21Daniele De Rossi
70.5%
20Paolo Rossi
70.5%
27 Roberto Baggio
67.6%
25Filippo Inzaghi
67.1%
13Mario Balotelli
66.2%
13Andrea Pirlo
64.8%
23Christian Vieri
61%
16Luca Toni
57.1%
16Gianluca Vialli
44.3%
19Alberto Gilardino
42.4%
27Alessandro Del Piero
41%
10Antonio Cassano
40.5%
35Luigi Riva
39%
10Gianfranco Zola
39%
33Giuseppe Meazza
34.8%
14Gianni Rivera
32.4%
30Silvio Piola
31%
goals player % Correct
25Alessandro Altobelli
26.7%
22Alessandro Mazzola
24.8%
13Pierluigi Casiraghi
21.9%
11Antonio Di Natale
18.6%
23Francesco Graziani
18.1%
19Roberto Bettega
17.1%
13Raimondo Orsi
11%
14Giovanni Ferrari
10.5%
15Angelo Schiavio
6.2%
25Adolfo Baloncieri
5.7%
15Gino Colaussi
5.2%
15Julio Libonatti
2.4%
13Mario Magnozzi
2.4%
11Luigi Cevenini
2.4%
11Felice Levratto
1.9%
10Riccardo Carapellese
1.9%

You're not logged in!

Compare scores with friends on all Sporcle quizzes.
OR
Log In

Show Comments

Extras

Top Quizzes Today


Score Distribution

Your Account Isn't Verified!

In order to create a playlist on Sporcle, you need to verify the email address you used during registration. Go to your Sporcle Settings to finish the process.

Report this User

Report this user for behavior that violates our Community Guidelines.

Details: